000 00535nam a2200181Ia 4500
005 20250508153359.0
008 008 250505s9999 xx 000 0 eng d
037 _aBooks to be hide in OPAC
040 _aFEDL
_beng
_cFEDL
041 _aeng
_2eng
084 _a370, ACE/O
_qFEDL
245 0 _aReading ladders for human relations
260 _aWashington, USA
_bAmerican Council on Education
_c1947
300 _aviii,67p
490 _aWork in progress series
942 _cHB
_h370, ACE/O
999 _c1342441
_d1342441